| 000 | 00604cam a2200205 4500 | ||
|---|---|---|---|
| 008 | 021105s2000 fr 000 0 spa u | ||
| 020 | _a2914273002 | ||
| 035 | _aa405127 | ||
| 050 | 0 | 0 |
_aF1234 _bV37 2000 |
| 100 | 1 | _aVasconcelos, José | |
| 245 |
_aUlises Criollo / _cJosé Vasconcelos ; edición crítica Claude Fell. |
||
| 260 |
_aParis, Francia : _bAllca XX, _c2000 |
||
| 300 |
_alxxx, 1149 p. ; _c24 cm. |
||
| 440 |
_aArchivos ; _v39 |
||
| 500 | _aRec. Prop. Esc. | ||
| 504 | _aBibliografia : p. 1075-1149 | ||
| 650 |
_aHistoria _zMéxico |
||
| 700 | 1 | _aFell, Claude, ed. | |
| 942 |
_2lcc _cLIB |
||
| 999 |
_c90657 _d90657 |
||